God's country-Ethel Cain - Statistics

General Stats
  • This quiz has been taken 26 times
  • The average score is 326 of 479
Answer Stats
Answer % Correct
a
100%
I
100%
Is
100%
is
100%
The
100%
the
100%
And
94%
and
94%
be
94%
It
94%
it
94%
you
94%
You
94%
do
89%
go
89%
Hard
89%
hard
89%
hold
89%
in
89%
In
89%
me
89%
me)
89%
of
89%
then
89%
to
89%
(to
89%
With
89%
with
89%
your
89%
count
83%
love
83%
(love
83%
No
83%
no
83%
on
83%
one
83%
Road
83%
road
83%
we
83%
blood
78%
guide
78%
if
78%
If
78%
let
78%
So
78%
sweet
78%
tasted
78%
When
78%
beast
72%
best
72%
close
72%
eyes
72%
foot
72%
For
72%
inside
72%
Longer
72%
longer
72%
need
72%
voice
72%
will
72%
as
67%
bit
67%
Could
67%
drank
67%
else
67%
forward
67%
have
67%
have)
67%
meat
67%
odds
67%
someone
67%
that
67%
three
67%
was
67%
what
67%
But
61%
(but
61%
but
61%
know
61%
now
61%
out
61%
sway
61%
Than
61%
than
61%
up
61%
you'll
61%
are
56%
ask
56%
build
56%
car
56%
come
56%
dust
56%
grow
56%
half
56%
Just
56%
kids
56%
much
56%
our
56%
shouldn't
56%
something
56%
stone
56%
Trying
56%
baby
50%
Cold
50%
Don't
50%
gas
50%
highway
50%
old
50%
throw
50%
understand
50%
word
50%
at
44%
chose
44%
cry
44%
dog
44%
God
44%
God)
44%
nowhere
44%
rode
44%
say
44%
she
44%
sink
44%
teeth
44%
teeth (x4)
44%
too
44%
We're
44%
bodies
39%
hurting
39%
pictures
39%
Soft
39%
street
39%
they
39%
better
33%
bonny
33%
couldn't
33%
Cradling
33%
crashed
33%
down
33%
Drive
33%
family
33%
harder
33%
hiding
33%
late
33%
mystery
33%
never
33%
playing
33%
secret
33%
seventeen
33%
take
33%
(take
33%
tell
33%
'til
33%
truck
33%
all
28%
always
28%
am
28%
beach
28%
dad's
28%
embrace
28%
farmhouse
28%
front
28%
her
28%
(it's
28%
it's
28%
off
28%
pathway
28%
porch
28%
pray
28%
reach
28%
There
28%
those
28%
through
28%
want
28%
would
28%
before
22%
beneath
22%
beside
22%
branches
22%
care
22%
changed
22%
Cherry
22%
conflict
22%
crisis
22%
door
22%
Finding
22%
ground
22%
highs
22%
hills
22%
kneel
22%
learned
22%
lesson
22%
moors
22%
nights
22%
open
22%
Over
22%
pines
22%
shadow
22%
shake
22%
sleep
22%
thrilling
22%
virgin
22%
Welcome
22%
wife
22%
broke
17%
Danger
17%
entirely
17%
here
17%
highlands
17%
how
17%
like
17%
passing
17%
peaks
17%
Rushes
17%
Taken
17%
temper
17%
about
11%
Forgetting
11%
grace
11%
laughing
11%
make
11%
myself
11%
end)
6%
enough)
6%
overwhelms
6%
southerns
6%
worth
6%
No matching quizzes found
Score Distribution
Percent of People with Each Score
Percentile by Number Answered
Your Score History
You have not taken this quiz